<?xml version="1.0" encoding="UTF-8"?>
<record
    xmlns:xsi="http://www.w3.org/2001/XMLSchema-instance"
    xsi:schemaLocation="http://www.loc.gov/MARC21/slim http://www.loc.gov/standards/marcxml/schema/MARC21slim.xsd"
    xmlns="http://www.loc.gov/MARC21/slim">

  <leader>02074nam0a22003851  4500</leader>
  <controlfield tag="001">v19\rc\1735686</controlfield>
  <controlfield tag="005">20260407064447.0</controlfield>
  <datafield tag="035" ind1=" " ind2=" ">
    <subfield code="a">(NLR Aleph) 005247847</subfield>
  </datafield>
  <datafield tag="090" ind1=" " ind2=" ">
    <subfield code="a">5772720</subfield>
    <subfield code="c">5772720</subfield>
  </datafield>
  <datafield tag="100" ind1=" " ind2=" ">
    <subfield code="a">20061002e19011901|||y0rusy50      ca</subfield>
  </datafield>
  <datafield tag="101" ind1="0" ind2=" ">
    <subfield code="a">rus</subfield>
  </datafield>
  <datafield tag="102" ind1=" " ind2=" ">
    <subfield code="a">RU</subfield>
  </datafield>
  <datafield tag="105" ind1=" " ind2=" ">
    <subfield code="a">y   z   |||||</subfield>
  </datafield>
  <datafield tag="135" ind1=" " ind2=" ">
    <subfield code="a">crcn 024anaba</subfield>
  </datafield>
  <datafield tag="200" ind1="1" ind2=" ">
    <subfield code="a">&#x41F;&#x44F;&#x442;&#x44C; &#x432;&#x43D;&#x43E;&#x432;&#x44C; &#x43E;&#x442;&#x43A;&#x440;&#x44B;&#x442;&#x44B;&#x445; &#x438;&#x43A;&#x43E;&#x43D; &#x43A;&#x438;&#x441;&#x442;&#x438; &#x421;&#x438;&#x43C;&#x43E;&#x43D;&#x430; &#x423;&#x448;&#x430;&#x43A;&#x43E;&#x432;&#x430;</subfield>
    <subfield code="f">&#x410;.&#x418;. &#x423;&#x441;&#x43F;&#x435;&#x43D;&#x441;&#x43A;&#x438;&#x439;, &#x442;&#x43E;&#x432;. &#x43F;&#x440;&#x435;&#x434;. &#x426;&#x435;&#x440;&#x43A;.-&#x430;&#x440;&#x445;&#x435;&#x43E;&#x43B;. &#x43E;&#x442;&#x434;.</subfield>
  </datafield>
  <datafield tag="210" ind1=" " ind2=" ">
    <subfield code="a">&#x41C;&#x43E;&#x441;&#x43A;&#x432;&#x430;</subfield>
    <subfield code="c">&#x438;&#x437;&#x434;. &#x43F;&#x440;&#x438; &#x426;&#x435;&#x440;&#x43A;.-&#x430;&#x440;&#x445;&#x435;&#x43E;&#x43B;. &#x43E;&#x442;&#x434;. &#x41E;-&#x432;&#x430; &#x43B;&#x44E;&#x431;&#x438;&#x442;&#x435;&#x43B;&#x435;&#x439; &#x434;&#x443;&#x445;&#x43E;&#x432;. &#x43F;&#x440;&#x43E;&#x441;&#x432;&#x435;&#x449;&#x435;&#x43D;&#x438;&#x44F;</subfield>
    <subfield code="d">1901</subfield>
  </datafield>
  <datafield tag="215" ind1=" " ind2=" ">
    <subfield code="a">16 &#x441;.</subfield>
    <subfield code="d">24</subfield>
  </datafield>
  <datafield tag="311" ind1=" " ind2=" ">
    <subfield code="a">&#x41E;&#x442;&#x442;. &#x438;&#x437; "&#x41C;&#x43E;&#x441;&#x43A;. &#x446;&#x435;&#x440;&#x43A;. &#x432;&#x435;&#x434;." 1901 &#x433;., &#x2116; 34 &#x438; 35</subfield>
  </datafield>
  <datafield tag="325" ind1=" " ind2=" ">
    <subfield code="a">&#x41A;&#x43E;&#x43F;&#x438;&#x44F; &#x434;&#x43E;&#x441;&#x442;&#x443;&#x43F;&#x43D;&#x430; &#x432; &#x42D;&#x43B;&#x435;&#x43A;&#x442;&#x440;&#x43E;&#x43D;. &#x431;-&#x43A;&#x435; &#x420;&#x41D;&#x411;</subfield>
  </datafield>
  <datafield tag="488" ind1=" " ind2="0">
    <subfield code="1">2001#$a&#x41C;&#x43E;&#x441;&#x43A;&#x43E;&#x432;&#x441;&#x43A;&#x438;&#x435; &#x446;&#x435;&#x440;&#x43A;&#x43E;&#x432;&#x43D;&#x44B;&#x435; &#x432;&#x435;&#x434;&#x43E;&#x43C;&#x43E;&#x441;&#x442;&#x438;$v1901, &#x2116; 34, 35</subfield>
    <subfield code="t">&#x41C;&#x43E;&#x441;&#x43A;&#x43E;&#x432;&#x441;&#x43A;&#x438;&#x435; &#x446;&#x435;&#x440;&#x43A;&#x43E;&#x432;&#x43D;&#x44B;&#x435; &#x432;&#x435;&#x434;&#x43E;&#x43C;&#x43E;&#x441;&#x442;&#x438;</subfield>
  </datafield>
  <datafield tag="700" ind1=" " ind2="1">
    <subfield code="8">rus</subfield>
    <subfield code="7">ca</subfield>
    <subfield code="a">&#x423;&#x441;&#x43F;&#x435;&#x43D;&#x441;&#x43A;&#x438;&#x439;</subfield>
    <subfield code="b">&#x410;. &#x418;.</subfield>
    <subfield code="c">&#x434;-&#x440; &#x431;&#x43E;&#x433;&#x43E;&#x441;&#x43B;&#x43E;&#x432;&#x438;&#x44F;, &#x438;&#x441;&#x43A;&#x443;&#x441;&#x441;&#x442;&#x432;&#x43E;&#x432;&#x435;&#x434;</subfield>
    <subfield code="f">1873-1938</subfield>
    <subfield code="g">&#x410;&#x43B;&#x435;&#x43A;&#x441;&#x430;&#x43D;&#x434;&#x440; &#x418;&#x432;&#x430;&#x43D;&#x43E;&#x432;&#x438;&#x447;</subfield>
    <subfield code="3">RU\NLR\auth\7714642</subfield>
    <subfield code="9">124313</subfield>
  </datafield>
  <datafield tag="702" ind1=" " ind2="1">
    <subfield code="8">rus</subfield>
    <subfield code="7">ca</subfield>
    <subfield code="a">&#x423;&#x448;&#x430;&#x43A;&#x43E;&#x432;</subfield>
    <subfield code="b">&#x421;. &#x424;.</subfield>
    <subfield code="f">1626-1686</subfield>
    <subfield code="g">&#x421;&#x438;&#x43C;&#x43E;&#x43D; &#x424;&#x435;&#x434;&#x43E;&#x440;&#x43E;&#x432;&#x438;&#x447;</subfield>
    <subfield code="3">RU\NLR\AUTH\7742481</subfield>
    <subfield code="9">25425</subfield>
  </datafield>
  <datafield tag="801" ind1=" " ind2="2">
    <subfield code="a">RU</subfield>
    <subfield code="b">NLR</subfield>
    <subfield code="c">20070912</subfield>
    <subfield code="2">rusmarc</subfield>
  </datafield>
  <datafield tag="801" ind1=" " ind2="0">
    <subfield code="a">RU</subfield>
    <subfield code="b">NLR</subfield>
    <subfield code="c">20061002</subfield>
    <subfield code="g">psbo</subfield>
  </datafield>
  <datafield tag="801" ind1=" " ind2="0">
    <subfield code="a">RU</subfield>
    <subfield code="b">RuMoRGB</subfield>
    <subfield code="c">20061002</subfield>
    <subfield code="2">psbo</subfield>
  </datafield>
  <datafield tag="801" ind1=" " ind2="1">
    <subfield code="a">RU</subfield>
    <subfield code="b">ProSoft-M</subfield>
    <subfield code="c">20061002</subfield>
    <subfield code="2">rusmarc</subfield>
  </datafield>
  <datafield tag="852" ind1=" " ind2=" ">
    <subfield code="a">NLR</subfield>
    <subfield code="j">18.336.3.125</subfield>
  </datafield>
  <datafield tag="901" ind1=" " ind2=" ">
    <subfield code="e">&#x41A;&#x43D;&#x438;&#x436;&#x43D;&#x44B;&#x435; &#x438;&#x437;&#x434;&#x430;&#x43D;&#x438;&#x44F;</subfield>
  </datafield>
  <datafield tag="942" ind1=" " ind2=" ">
    <subfield code="c">BOOK</subfield>
  </datafield>
  <datafield tag="980" ind1=" " ind2=" ">
    <subfield code="a">NB</subfield>
  </datafield>
  <datafield tag="981" ind1="4" ind2="4">
    <subfield code="a">(44) &#x41E;&#x446;&#x438;&#x444;&#x440;&#x43E;&#x432;&#x430;&#x43D;&#x43E; &#x43F;&#x43E; &#x440;&#x435;&#x43A;&#x43E;&#x43C;&#x435;&#x43D;&#x434;&#x430;&#x446;&#x438;&#x44F;&#x43C; &#x447;&#x438;&#x442;&#x430;&#x442;&#x435;&#x43B;&#x435;&#x439;</subfield>
  </datafield>
  <datafield tag="981" ind1="2" ind2="2">
    <subfield code="a">(22) &#x41C;&#x430;&#x442;&#x435;&#x440;&#x438;&#x430;&#x43B;&#x44B; &#x43F;&#x43E; &#x438;&#x441;&#x442;&#x43E;&#x440;&#x438;&#x438; &#x420;&#x43E;&#x441;&#x441;&#x438;&#x438;</subfield>
    <subfield code="b">(22) &#x420;&#x435;&#x43B;&#x438;&#x433;&#x438;&#x43E;&#x437;&#x43D;&#x44B;&#x435; &#x43A;&#x43E;&#x43D;&#x444;&#x435;&#x441;&#x441;&#x438;&#x438;</subfield>
  </datafield>
  <datafield tag="981" ind1="2" ind2="2">
    <subfield code="a">(22) &#x41C;&#x430;&#x442;&#x435;&#x440;&#x438;&#x430;&#x43B;&#x44B; &#x43F;&#x43E; &#x438;&#x441;&#x442;&#x43E;&#x440;&#x438;&#x438; &#x420;&#x43E;&#x441;&#x441;&#x438;&#x438;</subfield>
    <subfield code="b">(22) &#x418;&#x441;&#x442;&#x43E;&#x440;&#x438;&#x44F; &#x420;&#x43E;&#x441;&#x441;&#x438;&#x438; &#x434;&#x43E; 25 &#x43E;&#x43A;&#x442;&#x44F;&#x431;&#x440;&#x44F; (7 &#x43D;&#x43E;&#x44F;&#x431;&#x440;&#x44F;) 1917 &#x433;&#x43E;&#x434;&#x430;</subfield>
  </datafield>
  <datafield tag="995" ind1=" " ind2=" ">
    <subfield code="5">2013-10-26</subfield>
    <subfield code="b">NLR02</subfield>
    <subfield code="c">NLR02</subfield>
    <subfield code="e">RFS</subfield>
    <subfield code="f">5247847-10</subfield>
    <subfield code="k">18.336.3.125</subfield>
    <subfield code="o">0</subfield>
    <subfield code="r">BOOK</subfield>
    <subfield code="s">183363125_</subfield>
  </datafield>
</record>
